Normal view
MARC view
- NANOMECHANICS
Entry Topical Term
001 - CONTROL NUMBER
- control field: 62497
003 - CONTROL NUMBER IDENTIFIER
- control field: NUST
005 - DATE AND TIME OF LATEST TRANSACTION
- control field: 20210628202940.0
008 - FIXED-LENGTH DATA ELEMENTS
- fixed length control field: 210628|| aca||aabn | a|a d
040 ## - CATALOGING SOURCE
- Original cataloging agency: NUST
- Transcribing agency: NUST
150 ## - HEADING--TOPICAL TERM
- Topical term or geographic name entry element: NANOMECHANICS
670 ## - SOURCE DATA FOUND
- Source citation: Work cat.: (NUST): Cleland, Andrew .N 62496, Foundations of nanomechanics from solid state theory to device applications, 2003
